| 000 | 01198nam a22002297a 4500 | ||
|---|---|---|---|
| 999 |
_c58031 _d58031 |
||
| 003 | Ge_BSU | ||
| 005 | 20210518135234.0 | ||
| 008 | 210518s2012 ge ||||| |||| 00| 0 geo d | ||
| 020 | _a9789941201271 | ||
| 041 | _ageo | ||
| 080 | _a654.197.2 მ-80 | ||
| 100 |
_aმოდებაძე, ი. _911817 |
||
| 245 |
_aმრავალარხიანი საკაბელო ტელეკომუნიკაციის საფუძვლები : _b [სახელმძღვ.] / _cი. მოდებაძე, კ. ხოშტარია, ჯ. ხუნწარია ; საქ. ტექნ. უნ-ტი. |
||
| 264 |
_aთბ. : _bტექნ. უნ-ტი, _c2012. |
||
| 300 |
_a152 გვ. : _bსურ. ; _c20 სმ. |
||
| 504 | _aბიბლიოგრ.: გვ. 151. | ||
| 653 | _aსაკაბელო ტელეკომუნიკაციები. | ||
| 700 |
_aხოშტარია, კ., _eავტორი _911818 |
||
| 700 |
_aხუნწარია, ჯ. _eავტორი _911819 |
||
| 710 |
_aსაქართველოს ტექნიკური უნივერსიტეტი. _911820 |
||
| 942 |
_2udc _cBK |
||